Score 0/24 Timer 06:00
0 Plays Today
Character Character's Name % Correct
Bugs Bunny
97.1%
Spongebob Squarepants
96.8%
Mickey Mouse
95.7%
Fred Flintstone
95.5%
Big Bird
94.1%
Pink Panther
93.4%
Peter Pan
93.3%
Road Runner
91.8%
Daisy Duck
90.1%
Betty Boop
88.7%
Peter Parker
80%
Woody Woodpecker
78.9%
Character Character's Name % Correct
Roger Rabbit
74.9%
Peppa Pig
73.3%
Jane Jetson
65.9%
Princess Peach
58.5%
Huckleberry Hound
56.1%
Maid Marian
55.7%
Timmy Turner
40.6%
Lex Luthor
38.2%
Stan Smith
30.3%
Bob Belcher
27.1%
Bing Bong
23.7%
Basil Brush
19.7%
Remove Ads.
Support Sporcle.
Get the best of Sporcle when you Go Orange. This ad-free experience offers more features, more stats, and more fun while also helping to support Sporcle. Thank you for becoming a member.

You're not logged in!

Compare scores with friends on all Sporcle quizzes.
OR
Log In

Show Comments

Extras

Top Quizzes Today


Score Distribution

Your Account Isn't Verified!

In order to create a playlist on Sporcle, you need to verify the email address you used during registration. Go to your Sporcle Settings to finish the process.

Report this User

Report this user for behavior that violates our Community Guidelines.

Details: